000
00336nam a2200145Ia 4500
005
20251222141859.0
008
251222s9999||||xx |||||||||||||| ||spa||
020
_a
8492382406
082
_a
616.34/V35
100
_a
Vázquez-Iglesias, J.L.
245
0
_a
Colonoscopia:
250
_a
1ra. ed.
264
_b
Gráficas Eujoa
942
_c
LIB
999
_c
8007
_d
8007